[Event "Milan Crespi op-B 28th"]
[Site "Milan"]
[Date "2007.12.08"]
[Round "4"]
[White "Casadio, Alviero"]
[Black "Martelli, Tommaso"]
[Result "1/2-1/2"]
[WhiteElo "1787"]
[BlackElo "1872"]
[PlyCount "76"]
[EventDate "2007.12.06"]
[EventType "swiss"]
[EventRounds "6"]
[EventCountry "ITA"]
[SourceTitle "EXT 2009"]
[Source "ChessBase"]
[SourceDate "2008.11.26"]
[SourceVersion "1"]
[SourceVersionDate "2008.11.26"]
[SourceQuality "1"]

1. e4 e5 2. Nf3 Nc6 3. Bb5 Nf6 4. d3 Bc5 5. 0-0 d6 6. Nc3 a6 7. Bxc6+ bxc6 8. h3 Be6 9. Qe2 Rb8 10. b3 Nh5 11. Ng5 Ng3 12. Qf3 Nxf1 13. Kxf1 Bd4 14. Bd2 Qf6 15. Qxf6 gxf6 16. Nxe6 fxe6 17. Re1 Kd7 18. Ne2 Bc5 19. Ng3 h5 20. Be3 Bxe3 21. Rxe3 h4 22. Nh1 a5 23. a4 d5 24. f3 c5 25. Nf2 c4 26. dxc4 dxc4 27. Ng4 Ke7 28. Ke2 Rhd8 29. Rc3 cxb3 30. cxb3 Rb7 31. Ne3 Kd7 32. Nc4 Ra7 33. Kd3 Kc8+ 34. Kc2 Ra6 35. Ne3 Rad6 36. Nc4 Rd1 37. Re3 Rg1 38. Re2 Rdd1 1/2-1/2

[Event "Milan Crespi op-B 28th"]
[Site "Milan"]
[Date "2007.12.06"]
[Round "1"]
[White "Versari, Marino"]
[Black "Casadio, Alviero"]
[Result "0-1"]
[WhiteElo "1530"]
[BlackElo "1787"]
[PlyCount "100"]
[EventDate "2007.12.06"]
[EventType "swiss"]
[EventRounds "6"]
[EventCountry "ITA"]
[SourceTitle "EXT 2009"]
[Source "ChessBase"]
[SourceDate "2008.11.26"]
[SourceVersion "1"]
[SourceVersionDate "2008.11.26"]
[SourceQuality "1"]

1. d4 d5 2. c4 c6 3. Nc3 e6 4. Nf3 f5 5. e3 Nf6 6. b3 Be7 7. Be2 0-0 8. 0-0 Bd7 9. Bb2 Be8 10. Rc1 Bh5 11. Ng5 Bxe2 12. Nxe2 Qd7 13. Nf4 Ne4 14. Nxe4 fxe4 15. cxd5 exd5 16. Qe2 Bd6 17. Nh3 Qe7 18. g3 Qd7 19. Kg2 Qf5 20. Ng1 Nd7 21. f3 exf3+ 22. Nxf3 Qe4 23. Kg1 Rf6 24. Ng5 Qg6 25. Rxf6 Nxf6 26. Nf3 Nd7 27. Rf1 Rf8 28. Nh4 Rxf1+ 29. Qxf1 Qf6 30. Qh3 Qe7 31. Bc1 g6 32. Nf3 Nf6 33. Ng5 Ne4 34. Qe6+ Qxe6 35. Nxe6 Be7 36. Nf4 Kf7 37. Kf1 Bg5 38. Nd3 Ke6 39. Kg2 Be7 40. a3 Bd6 41. b4 b6 42. Ne1 Kf6 43. Kf3 Ng5+ 44. Kg2 c5 45. bxc5 bxc5 46. dxc5 Bxc5 47. Nd3 Bb6 48. Nf4 Ke5 49. Kf2 Nf7 50. Nd3+ Ke4 0-1